5M+ First-Level Subdivisions of the World With a Map - Statistics

General Stats
  • This quiz has been taken 76 times
  • The average score is 160 of 271
Answers on the Map
Answers color-coded by a green-red scale on the quiz's map according to % correct below.
 
Answer Stats
Country Type Subdivision % Correct
Canada 2024 E Province British Columbia
98%
United States 2024 E State Florida
98%
United States 2024 E State New York
98%
United States 2024 E State Texas
98%
United States 2024 E State Washington
98%
United States 2024 E State Arizona
96%
United States 2024 E State California
96%
United Kingdom 2021 C Country England
96%
United States 2024 E State Georgia
96%
United States 2024 E State Illinois
96%
United States 2024 E State Indiana
96%
United States 2024 E State Michigan
96%
United States 2024 E State North Carolina
96%
United States 2024 E State Ohio
96%
Canada 2024 E Province Ontario
96%
United States 2024 E State Pennsylvania
96%
Canada 2024 E Province Quebec
96%
United States 2024 E State South Carolina
96%
Malawi 2023 P Region Southern
96%
Ethiopia 2022 P Region Southern Nations, Nationalities, and Peoples' Region
96%
United States 2024 E State Virginia
96%
United States 2024 E State Alabama
95%
United States 2024 E State Colorado
95%
United States 2024 E State Minnesota
95%
United States 2024 E State Missouri
95%
United States 2024 E State New Jersey
95%
United Kingdom 2021 C Country Scotland
95%
United States 2024 E State Tennessee
95%
United States 2024 E State Wisconsin
95%
United States 2024 E State Massachusetts
93%
Mexico 2020 C State México
93%
Mexico 2020 C District Mexico City
93%
Russia 2024 E City Moscow
93%
Russia 2024 E Region Moscow
93%
Brazil 2024 E State Rio de Janeiro
93%
Argentina 2022 C Province Buenos Aires
91%
Turkey 2022 E Province Istanbul
91%
United States 2024 E State Maryland
91%
Brazil 2024 E State São Paulo
91%
Turkey 2022 E Province Ankara
89%
Egypt 2023 E Governorate Cairo
89%
Spain 2024 Ev Community Madrid
89%
Germany 2024 E State Bavaria
88%
Colombia 2023 P District Capital District
88%
Spain 2024 Ev Community Catalonia
88%
Saudi Arabia 2022 C Region Eastern Province
88%
China 2020 C Special Region Hong Kong
88%
South Africa 2022 C Province Mpumalanga
88%
Netherlands 2025 E Country Netherlands
88%
Australia 2024 E State New South Wales
88%
Australia 2024 E State Queensland
88%
Myanmar 2024 C State Shan
88%
Iran 2023 P Province Tehran
88%
Egypt 2023 E Governorate Alexandria
86%
China 2020 C Municipality Beijing
86%
Japan 2024 E Prefecture Hokkaido
86%
China 2020 C Municipality Shanghai
86%
Japan 2024 E Prefecture Tokyo
86%
Australia 2024 E State Victoria
86%
Sri Lanka 2024 C Province Western
86%
Belgium 2025 E Region Flanders
84%
Saudi Arabia 2022 C Region Makkah
84%
New Zealand 2022 E Country New Zealand
84%
South Korea 2020 C Province Seoul
84%
Thailand 2019 P Area Bangkok
82%
Bangladesh 2022 C Division Dhaka
82%
Vietnam 2019 C Municipality Hà Nội
82%
Japan 2024 E Prefecture Osaka
82%
Saudi Arabia 2022 C Region Riyadh
82%
India 2023 P State Uttar Pradesh
82%
Spain 2024 Ev Community Andalusia
80%
Vietnam 2019 C Municipality Hồ Chí Minh
80%
France 2022 E Region Île-de-France
80%
Indonesia 2020 C Province Special Capital Region of Jakarta
80%
Myanmar 2024 C Region Yangon
80%
Morocco 2024 C Region Casablanca-Settat
79%
India 2023 P Territory Delhi
79%
China 2020 C Province Hainan
79%
India 2023 P Territory Jammu and Kashmir
79%
Nigeria 2022 P State Lagos
79%
Italy 2025 E Region Lombardy
79%
Philippines 2020 C Region National Capital
79%
Spain 2024 Ev Community Valencia
79%
China 2020 C Region Xinjiang Uyghur
79%
China 2020 C Region Inner Mongolia
77%
Afghanistan 2020 P Province Kabul
77%
Angola 2022 P Province Luanda
77%
India 2023 P State Punjab
77%
Pakistan 2023 C Province Punjab
77%
Malawi 2023 P Region Central
75%
Cameroon 2015 P Region Centre
75%
Bangladesh 2022 C Division Chittagong
75%
Sudan 2018 P State Khartoum
75%
Democratic Republic of the Congo 2020 P Province Kinshasa
75%
Germany 2024 E State North Rhine-Westphalia
75%
Chile 2024 C Region Santiago
75%
Ghana 2021 C Region Greater Accra
73%
Germany 2024 E State Lower Saxony
73%
Morocco 2024 C Region Rabat-Salé-Kénitra
73%
India 2023 P State West Bengal
73%
Germany 2024 E State Baden-Württemberg
71%
Germany 2024 E State Hesse
71%
Nigeria 2022 P State Kano
71%
Italy 2025 E Region Lazio
71%
China 2020 C Municipality Tianjin
71%
Egypt 2023 E Governorate Giza
70%
France 2022 E Region Grand Est
70%
China 2020 C Province Guangdong
70%
India 2023 P State Gujarat
70%
France 2022 E Region Provence-Alpes-Côte d'Azur
70%
Ivory Coast 2021 C District Abidjan
68%
Iraq 2018 E Province Baghdad
68%
Pakistan 2023 C Province Balochistan
68%
Indonesia 2020 C Province Central Java
68%
China 2020 C Municipality Chongqing
68%
South Africa 2022 C Province Eastern Cape
68%
Indonesia 2020 C Province East Java
68%
Mexico 2020 C State Puebla
68%
Pakistan 2023 C Province Sindh
68%
Ethiopia 2022 P Region Somali
68%
South Africa 2022 C Province Western Cape
68%
Iran 2023 P Province Isfahan
66%
Russia 2024 E Territory Krasnodar
66%
Brazil 2024 E State Minas Gerais
66%
Brazil 2024 E State Bahia
64%
Italy 2025 E Region Campania
64%
France 2022 E Region Hauts-de-France
64%
France 2022 E Region Occitanie
64%
Brazil 2024 E State Pará
64%
India 2023 P State Rajasthan
64%
China 2020 C Province Sichuan
64%
Indonesia 2020 C Province West Java
64%
India 2023 P State Assam
63%
Mexico 2020 C State Chiapas
63%
China 2020 C Province Hubei
63%
Indonesia 2020 C Province West Sumatra
63%
Indonesia 2020 C Province Aceh
61%
France 2022 E Region Auvergne-Rhône-Alpes
61%
Japan 2024 E Prefecture Fukuoka
61%
France 2022 E Region Nouvelle-Aquitaine
61%
Russia 2024 E City Saint Petersburg
61%
China 2020 C Province Shandong
61%
Mexico 2020 C State Veracruz
61%
China 2020 C Province Fujian
59%
India 2023 P State Kerala
59%
Indonesia 2020 C Province North Sumatra
59%
Indonesia 2020 C Province South Sumatra
59%
India 2023 P State Tamil Nadu
59%
China 2020 C Province Hebei
57%
China 2020 C Province Henan
57%
China 2020 C Province Hunan
57%
Mexico 2020 C State Jalisco
57%
Pakistan 2023 C Province Khyber Pakhtunkhwa
57%
South Africa 2022 C Province KwaZulu-Natal
57%
Peru 2022 P Province Lima
57%
Myanmar 2024 C Region Mandalay
57%
Brazil 2024 E State Rio Grande do Sul
57%
China 2020 C Province Yunnan
57%
China 2020 C Province Jiangsu
55%
India 2023 P State Madhya Pradesh
55%
Brazil 2024 E State Paraná
55%
Brazil 2024 E State Santa Catarina
55%
Indonesia 2020 C Province South Sulawesi
55%
Indonesia 2020 C Province West Kalimantan
55%
India 2023 P State Bihar
54%
China 2020 C Province Gansu
54%
China 2020 C Province Liaoning
54%
India 2023 P State Maharashtra
54%
Mexico 2020 C State Nuevo León
54%
China 2020 C Province Shaanxi
54%
China 2020 C Province Shanxi
54%
India 2023 P State Andhra Pradesh
52%
China 2020 C Province Anhui
52%
South Africa 2022 C Province Gauteng
52%
Brazil 2024 E State Goiás
52%
China 2020 C Region Guangxi
52%
China 2020 C Province Heilongjiang
52%
China 2020 C Province Jilin
52%
India 2023 P State Karnataka
52%
Poland 2023 E Province Masovia
52%
Ethiopia 2022 P Region Oromia
52%
China 2020 C Province Qinghai
52%
Brazil 2024 E State Ceará
50%
Tanzania 2022 C Region Dar es Salaam
50%
Philippines 2020 C Region Davao
50%
China 2020 C Province Guizhou
50%
China 2020 C Region Ningxia
50%
India 2023 P State Odisha
50%
India 2023 P State Telangana
50%
Japan 2024 E Prefecture Chiba
48%
India 2023 P State Haryana
46%
China 2020 C Province Jiangxi
46%
Brazil 2024 E State Maranhão
46%
Brazil 2024 E State Pernambuco
46%
China 2020 C Province Zhejiang
46%
India 2023 P State Chhattisgarh
45%
India 2023 P State Uttarakhand
45%
Mexico 2020 C State Guanajuato
43%
India 2023 P State Himachal Pradesh
43%
India 2023 P State Jharkhand
43%
South Africa 2022 C Province Limpopo
43%
Japan 2024 E Prefecture Saitama
43%
Ethiopia 2022 P Region Amhara
41%
Japan 2024 E Prefecture Hyōgo
38%
Indonesia 2020 C Province Riau
38%
Japan 2024 E Prefecture Aichi
36%
Ethiopia 2022 P Region Tigray
36%
Indonesia 2020 C Province Banten
34%
Bangladesh 2022 C Division Khulna
34%
Philippines 2020 C Region Central Luzon
32%
South Korea 2020 C Province Gyeonggi
32%
Japan 2024 E Prefecture Kanagawa
32%
Nigeria 2022 P State Kaduna
30%
Colombia 2023 P Department Antioquia
27%
Bangladesh 2022 C Division Barisal
27%
Indonesia 2020 C Province East Nusa Tenggara
27%
Iran 2023 P Province Khuzestan
27%
Nigeria 2022 P State Oyo
27%
Malaysia 2023 E State Selangor
27%
Bangladesh 2022 C Division Sylhet
27%
Indonesia 2020 C Province Lampung
25%
Nigeria 2022 P State Sokoto
25%
Indonesia 2020 C Province West Nusa Tenggara
25%
Bangladesh 2022 C Division Mymensingh
23%
Democratic Republic of the Congo 2020 P Province North Kivu
23%
Bangladesh 2022 C Division Rangpur
23%
Democratic Republic of the Congo 2020 P Province South Kivu
23%
Iran 2023 P Province Fars
21%
Philippines 2020 C Region Northern Mindanao
21%
Bangladesh 2022 C Division Rajshahi
21%
Philippines 2020 C Region Southern Tagalog Mainland
21%
Cameroon 2015 P Region Far North
20%
Nigeria 2022 P State Niger
20%
Iran 2023 P Province Razavi Khorasan
20%
Nigeria 2022 P State Rivers
20%
Ghana 2021 C Region Ashanti
18%
Egypt 2023 E Governorate Asyut
18%
Myanmar 2024 C Region Ayeyarwady
18%
Philippines 2020 C Region Central Visayas
18%
Democratic Republic of the Congo 2020 P Province Kongo Central
18%
Nepal 2021 C Province Lumbini
18%
Nepal 2021 C Province Madhesh
18%
Nepal 2021 C Province Bagmati
16%
Nigeria 2022 P State Borno
16%
Nigeria 2022 P State Delta
16%
Philippines 2020 C Region Ilocos
16%
Philippines 2020 C Region Bicol
14%
Democratic Republic of the Congo 2020 P Province Haut-Katanga
14%
Nigeria 2022 P State Katsina
14%
Egypt 2023 E Governorate Minya
14%
Mozambique 2023 P Province Nampula
14%
Philippines 2020 C Region Western Visayas
14%
Mozambique 2023 P Province Zambezia
14%
Nigeria 2022 P State Bauchi
13%
Nigeria 2022 P State Ogun
13%
Nigeria 2022 P State Ondo
13%
Egypt 2023 E Governorate Qalyubiyya
13%
Nigeria 2022 P State Zamfara
13%
Nigeria 2022 P State Benue
11%
Egypt 2023 E Governorate Gharbia
11%
Nigeria 2022 P State Imo
11%
Nigeria 2022 P State Jigawa
11%
Nigeria 2022 P State Kebbi
11%
Myanmar 2024 C Region Sagaing
11%
Nigeria 2022 P State Anambra
9%
Egypt 2023 E Governorate Dakahlia
9%
Sudan 2018 P State Gezira
9%
Democratic Republic of the Congo 2020 P Province Kwilu
9%
Egypt 2023 E Governorate Sharqia
9%
Egypt 2023 E Governorate Sohag
9%
Egypt 2023 E Governorate Beheira
7%
No matching quizzes found
Score Distribution
Percent of People with Each Score
Percentile by Number Answered
Your Score History
You have not taken this quiz